[Event "AUTO-OPEN-463"]
[Site "http://www.queenalice.com/game.php?id=134864"]
[Date "2006.11.29"]
[Round "1"]
[White "debia"]
[Black "dorina"]
[Result "1-0"]
[WhiteElo "1402"]
[BlackElo "1549"]

1. e4 e5 2. Nf3 Nc6 3. c3 Nf6 4. a3 Bd6 5. Bb5 a6 6. Bxc6 dxc6 7. h3 O-O 8. g4
h6 9. d4 Be7 10. Nxe5 Bd6 11. Nc4 Be7 12. g5 hxg5 13. Bxg5 Nxe4 14. Bxe7 Qxe7
15. Qf3 Ng5+ 16. Qe2 Qxe2+ 17. Kxe2 Re8+ 18. Kf1 Be6 19. Na5 Bd7 20. h4 Ne4 21.
Nxb7 Rab8 22. Nc5 Nxc5 23. dxc5 Rb5 24. b4 1-0

[Event "AUTO-OPEN-463"]
[Site "http://www.queenalice.com/game.php?id=134865"]
[Date "2006.11.29"]
[Round "1"]
[White "dorina"]
[Black "debia"]
[Result "0-1"]
[WhiteElo "1527"]
[BlackElo "1424"]

1. e4 e5 2. Nf3 d6 3. Bc4 Nh6 4. O-O Nc6 5. d4 Bg4 6. h3 Bxh3 7. gxh3 exd4 8.
Nxd4 Nxd4 9. Qxd4 Qd7 10. Bxh6 Rg8 11. Bf4 Qxh3 12. Bg3 O-O-O 13. e5 Be7 14. Nd2
dxe5 15. Qxe5 Bf6 16. Qe3 Bd4 17. Qf3 Bxb2 18. Rab1 Bd4 19. Ne4 h5 20. Ng5 Qd7
21. Rfd1 f6 22. Ne4 b6 23. Nc3 c6 0-1

[Event "AUTO-OPEN-463"]
[Site "http://www.queenalice.com/game.php?id=134886"]
[Date "2006.11.29"]
[Round "1"]
[White "dorina"]
[Black "ricardosf"]
[Result "0-1"]
[WhiteElo "1587"]
[BlackElo "1244"]

1. e4 d5 2. exd5 Qxd5 3. Be2 Qxg2 4. Bf1 Qxh1 5. Nf3 Bg4 6. d3 h5 7. d4 Bxf3 8.
Qd2 Bg2 9. Ke2 Bxf1+ 10. Ke3 g6 11. Nc3 Qxh2 12. b3 Qh3+ 13. f3 Bh6+ 14. Kf2
Qg2+ 15. Ke1 Bxd2+ 16. Bxd2 h4 17. Be3 h3 18. Bf4 h2 19. Bxh2 Rxh2 20. Rd1 Qf2#
0-1

[Event "AUTO-OPEN-463"]
[Site "http://www.queenalice.com/game.php?id=134887"]
[Date "2006.11.29"]
[Round "1"]
[White "ricardosf"]
[Black "dorina"]
[Result "0-1"]
[WhiteElo "1386"]
[BlackElo "1400"]

1. c4 e5 2. f4 exf4 3. Nh3 Nf6 4. Nxf4 Bd6 5. Nd5 Nxd5 6. cxd5 c6 7. dxc6 dxc6
8. e4 O-O 9. h4 Re8 10. h5 Bg3+ 11. Ke2 Bg4+ 12. Ke3 Bxd1 13. h6 gxh6 14. Rxh6
Qg5+ 15. Kd3 Qxh6 16. Nc3 Rd8+ 17. Kc4 Qe6+ 18. Kb4 Rd4+ 19. Ka3 Na6 20. Ne2
Bxe2 21. Bxe2 Qd6+ 22. Kb3 Qb4+ 23. Kc2 Bf4 24. a3 Qc5+ 25. Kd1 Bxd2 26. Bxd2
Qd6 27. g4 Rxd2+ 28. Ke1 Rxb2 29. g5 Qg3+ 30. Kf1 Qf4+ 31. Ke1 Qg3+ 32. Kd1 Qg1+
0-1

[Event "AUTO-OPEN-463"]
[Site "http://www.queenalice.com/game.php?id=134888"]
[Date "2006.11.29"]
[Round "1"]
[White "dorina"]
[Black "QuickQuickSlow"]
[Result "0-1"]
[WhiteElo "1468"]
[BlackElo "2087"]

1. e4 c5 2. Bc4 e6 3. Nf3 a6 4. O-O b5 5. Bd3 d6 6. b3 Nf6 7. e5 dxe5 8. Nxe5
Bb7 9. c4 Qd4 10. Nc3 Qxe5 11. Re1 Qg5 12. f3 b4 13. Ne4 Nxe4 14. fxe4 Nd7 15.
Bb2 Bd6 16. a3 a5 17. axb4 axb4 18. Qf3 O-O 19. h3 Ne5 20. Qe3 Qxe3+ 21. Rxe3
Rxa1+ 0-1

[Event "AUTO-OPEN-463"]
[Site "http://www.queenalice.com/game.php?id=134889"]
[Date "2006.11.29"]
[Round "1"]
[White "QuickQuickSlow"]
[Black "dorina"]
[Result "1-0"]
[WhiteElo "2085"]
[BlackElo "1470"]

1. e4 e5 2. Nf3 Nc6 3. Bb5 Nf6 4. d3 a6 5. Ba4 d6 6. c3 Bd7 7. O-O Be7 8. h3 O-O
9. Nbd2 h6 10. Re1 d5 11. Bxc6 Bxc6 12. Nxe5 Bd6 13. Nxc6 bxc6 14. d4 dxe4 15.
Nxe4 Nxe4 16. Rxe4 Re8 17. Qe2 c5 18. Rxe8+ Qxe8 19. Qxe8+ Rxe8 20. Be3 cxd4 21.
Bxd4 Re2 22. c4 Be5 23. Bxe5 1-0

[Event "AUTO-ADV-192"]
[Site "http://www.queenalice.com/game.php?id=136676"]
[Date "2006.12.3"]
[Round "2"]
[White "mauricio_sm"]
[Black "dorina"]
[Result "1-0"]
[WhiteElo "1773"]
[BlackElo "1474"]

1. e4 e5 2. Nf3 Nc6 3. Bb5 a6 4. Bxc6 dxc6 5. d3 Bg4 6. Nbd2 Qd6 7. h3 Bxf3 8.
Nxf3 O-O-O 9. O-O Nf6 10. Bg5 h6 11. Bxf6 Qxf6 12. a3 Bd6 13. Re1 c5 14. Qd2 g5
15. g3 Qe6 16. Kg2 c4 17. dxc4 Qxc4 18. Qd3 Qxd3 19. cxd3 Rhf8 20. Rad1 f5 21.
exf5 Rxf5 22. g4 Rf4 23. Re4 Rxe4 24. dxe4 Bc5 25. Rxd8+ 1-0

[Event "AUTO-ADV-192"]
[Site "http://www.queenalice.com/game.php?id=136677"]
[Date "2006.12.3"]
[Round "2"]
[White "dorina"]
[Black "mauricio_sm"]
[Result "0-1"]
[WhiteElo "1478"]
[BlackElo "1769"]

1. e4 e5 2. Nf3 d6 3. Nc3 Nf6 4. d4 exd4 5. Qxd4 Nc6 6. Qe3 Be7 7. Nd5 Ng4 8.
Qd3 Nce5 9. Nxe5 Nxe5 10. Qe3 c6 11. Nxe7 Qxe7 12. Bd3 O-O 13. O-O Ng4 14. Qf3
h6 15. h3 Ne5 16. Qe3 Re8 17. c4 Nxd3 18. Qxd3 Be6 19. b3 Rad8 20. Bf4 d5 21.
exd5 cxd5 22. cxd5 Rxd5 23. Qg3 g5 24. Be3 f5 25. h4 f4 0-1

[Event "AUTO-ADV-192"]
[Site "http://www.queenalice.com/game.php?id=136684"]
[Date "2006.12.3"]
[Round "2"]
[White "dorina"]
[Black "luizao"]
[Result "0-1"]
[WhiteElo "1434"]
[BlackElo "1569"]

1. e4 e5 2. Nf3 Nc6 3. Nc3 Nf6 4. d4 d6 5. dxe5 dxe5 6. Qxd8+ Kxd8 7. Be3 Bd7 8.
Bb5 a6 9. Bxc6 Bxc6 10. O-O Ke8 11. Nxe5 Bb4 12. Nxc6 bxc6 13. e5 Nd5 14. Nxd5
Ba5 15. c4 cxd5 16. cxd5 Rd8 17. Rac1 Rxd5 18. Bf4 Ke7 0-1

[Event "AUTO-ADV-192"]
[Site "http://www.queenalice.com/game.php?id=136685"]
[Date "2006.12.3"]
[Round "2"]
[White "luizao"]
[Black "dorina"]
[Result "1-0"]
[WhiteElo "1558"]
[BlackElo "1445"]

1. e4 e5 2. Nf3 Nc6 3. Bc4 h6 4. d3 Nf6 5. O-O d5 6. exd5 Nxd5 7. Be3 Nxe3 8.
fxe3 Bg4 9. Nc3 Bb4 10. Ne4 Qe7 11. Qe2 O-O 12. Qf2 Bc5 13. Nh4 Be6 14. Bb5 a6
15. Bxc6 bxc6 16. Nf5 Bxf5 17. Qxf5 Bd6 18. c3 1-0

[Event "AUTO-INT-355"]
[Site "http://www.queenalice.com/game.php?id=172040"]
[Date "2007.2.21"]
[Round "1"]
[White "jocker_1"]
[Black "dorina"]
[Result "0-1"]
[WhiteElo "1192"]
[BlackElo "1415"]

1. d4 d5 2. c4 dxc4 3. Nf3 Nf6 4. e3 b5 5. Nc3 e6 6. Bd2 Ba6 7. Ne5 Bd6 8. Be2
Bxe5 9. dxe5 Nd5 10. Nxd5 Qxd5 0-1

[Event "AUTO-OPEN-567"]
[Site "http://www.queenalice.com/game.php?id=172343"]
[Date "2007.2.22"]
[Round "1"]
[White "FMP"]
[Black "dorina"]
[Result "1-0"]
[WhiteElo "1534"]
[BlackElo "1429"]

1. e4 e5 2. Nf3 Nc6 3. Bb5 a6 4. Ba4 Nf6 5. d3 Bd6 6. Bg5 O-O 7. Nc3 h6 8. Bh4
Be7 9. Bg3 d6 10. O-O Bg4 11. h3 Bxf3 12. Qxf3 Nd4 13. Qd1 1-0

[Event "AUTO-OPEN-567"]
[Site "http://www.queenalice.com/game.php?id=172344"]
[Date "2007.2.22"]
[Round "1"]
[White "dorina"]
[Black "FMP"]
[Result "0-1"]
[WhiteElo "1417"]
[BlackElo "1546"]

1. e4 e5 2. Nf3 Nc6 3. Nc3 Bb4 4. Bb5 d6 5. O-O Nf6 6. d3 Bd7 7. Bg5 h6 8. a3
Bxc3 9. Bxf6 Qxf6 10. bxc3 a6 11. Bxc6 Bxc6 12. Rb1 O-O 0-1

[Event "AUTO-OPEN-567"]
[Site "http://www.queenalice.com/game.php?id=172365"]
[Date "2007.2.22"]
[Round "1"]
[White "Philidor"]
[Black "dorina"]
[Result "1-0"]
[WhiteElo "1845"]
[BlackElo "1406"]

1. c4 c5 2. Nf3 Nf6 3. e3 Ne4 4. Qc2 Nf6 5. Nc3 d6 6. d4 cxd4 7. Nxd4 e5 8. Ndb5
Be7 9. Nd5 Nxd5 10. cxd5 Na6 11. a3 O-O 12. b4 Bd7 13. f4 1-0

[Event "AUTO-OPEN-567"]
[Site "http://www.queenalice.com/game.php?id=172366"]
[Date "2007.2.22"]
[Round "1"]
[White "dorina"]
[Black "Philidor"]
[Result "0-1"]
[WhiteElo "1404"]
[BlackElo "1847"]

1. e4 g5 2. Nc3 c5 3. Bc4 Nc6 4. Nf3 e6 5. d4 cxd4 6. Nxd4 Bg7 7. Nxc6 bxc6 8.
O-O Ne7 9. Bxg5 Bb7 10. Bxe7 Qxe7 11. h3 Bxc3 0-1